[Event "Bogota sf3 U18"]
[Site "Bogota"]
[Date "2018.03.29"]
[Round "1.8"]
[White "Rodriguez Umbarila, Juan Mateo"]
[Black "Valencia Lopez, Daily Vanessa"]
[Result "0-1"]
[WhiteElo "1256"]
[BlackElo "1648"]
[PlyCount "48"]
[EventDate "2018.03.29"]
[EventType "swiss"]
[EventRounds "6"]
[EventCountry "COL"]
[SourceTitle "EXT 2024"]
[Source "ChessBase"]
[SourceDate "2023.10.10"]
[SourceVersion "1"]
[SourceVersionDate "2023.10.10"]
[SourceQuality "1"]

1. d4 d5 2. c4 e6 3. Nc3 Nf6 4. cxd5 exd5 5. Bg5 c6 6. e4 dxe4 7. Nxe4 Bb4+ 8. Nc3 h6 9. Be3 0-0 10. Nf3 Re8 11. Bc4 Be6 12. Qb3 Nd5 13. Bxd5 Bxc3+ 14. bxc3 Bxd5 15. Qxb7 c5 16. Qb2 Bxf3 17. gxf3 cxd4 18. cxd4 Nc6 19. Rd1 Qf6 20. Ke2 Rad8 21. Kd3 Ne5+ 22. Kc2 Qf5+ 23. Kd2 Qd3+ 24. Kc1 Rc8+ 0-1